[Event "Goodbye Summer Open"]
[Site "Omis CRO"]
[Date "2005.10.14"]
[Round "7"]
[White "Brkic,A"]
[Black "Zufic,M"]
[Result "1-0"]
[WhiteElo "2500"]
[BlackElo "2391"]

1.e4 c5 2.Nf3 d6 3.d4 cxd4 4.Nxd4 Nf6 5.Nc3 a6 6.Be3 e5 7.Nf3 Qc7 8.a4 Be7
9.Be2 O-O 10.O-O Be6 11.a5 Nbd7 12.Ng5 Bc4 13.Ra4 Bxe2 14.Qxe2 Rac8 15.Rd1 Qb8
16.Nf3 Nc5 17.Rc4 Ne6 18.Nd2 Rc7 19.Rxc7 Qxc7 20.Nc4 h6 21.Nb6 Re8 22.h3 Qc6
23.Nbd5 Bd8 24.Qd3 Nh7 25.Nb6 Bc7 26.Nc4 Bb8 27.Qd5 Qc7 28.Nxd6 Rd8 29.Bb6 Rxd6
30.Bxc7 Rxd5 31.Nxd5 Nxc7 32.Nxc7 Bxc7 33.Rd7 Bxa5 34.Rxb7 Kf8 35.Ra7 Nf6
36.Rxa6 Bc7 37.f3 Ke7 38.Kf2 Bd6 39.c3 Bc5+ 40.Kf1 Ne8 41.b4 Nc7 42.Ra2 Bd6
43.Ke2 Kd7 44.Kd3 Kc6 45.Kc4 Kb6 46.Kb3 Na6 47.Rd2 Kc7 48.Ka4 Be7 49.Kb5 Nb8
50.Ra2 Kb7 51.c4 Bg5 52.c5 Be3 53.Kc4 Na6 54.Ra5 Bd2 55.Ra4 Be3 56.Ra2 Bg1
57.Rd2 Kc7 58.Rd6 Nb8 59.b5 Bd4 60.b6+ Kc8 61.Kb5 Nd7 62.b7+  1-0

[Event "TCh-CZE Extraliga 2005-6"]
[Site "Czech Rep CZE"]
[Date "2005.10.15"]
[Round "?"]
[White "Hracek,Z"]
[Black "Babula,V"]
[Result "1/2-1/2"]
[WhiteElo "2581"]
[BlackElo "2593"]

1.e4 c5 2.Nf3 d6 3.d4 cxd4 4.Nxd4 Nf6 5.Nc3 a6 6.Be3 e5 7.Nb3 Be6 8.f3 Be7
9.Qd2 O-O 10.O-O-O Nbd7 11.g4 b5 12.g5 b4 13.Ne2 Ne8 14.f4 a5 15.f5 a4 16.fxe6 axb3
17.cxb3 fxe6 18.Kb1 Nc7 19.Bg2 Qb8 20.Rhf1 Rxf1 21.Rxf1 Qb5 22.Rc1 Nc5 23.Rc4 N5a6
24.Qc2 Qa5 25.Nc1  1/2-1/2

[Event "Goodbye Summer Open"]
[Site "Omis CRO"]
[Date "2005.10.15"]
[Round "8"]
[White "Brkic,A"]
[Black "Fercec,N"]
[Result "1/2-1/2"]
[WhiteElo "2500"]
[BlackElo "2512"]

1.e4 c5 2.Nf3 d6 3.d4 Nf6 4.Nc3 cxd4 5.Nxd4 a6 6.Be3 e5 7.Nf3 Qc7 8.a4 Be7
9.Be2 O-O 10.O-O h6 11.a5 Be6 12.Nd5 Nxd5 13.exd5 Bf5 14.c4 Nd7 15.b4 Rac8
16.Rc1 Qb8 17.Nd2 Bh7 18.Qb3 Kh8 19.f4 f5 20.Kh1 Nf6 21.Rcd1 Rcd8 22.Nf3 Ng4
23.Bg1 Rde8 24.h3 Nf6 25.Bh2 Ne4 26.fxe5 dxe5 27.c5 Bf6 28.Nd4 Bh4 29.Ne6 Rf6
30.Kg1 f4  1/2-1/2

[Event "TCh-CZE Extraliga 2005-6"]
[Site "Czech Rep CZE"]
[Date "2005.10.16"]
[Round "2"]
[White "Vavra,P1"]
[Black "Cerveny,M"]
[Result "1-0"]
[WhiteElo "2314"]
[BlackElo "2226"]

1.e4 c5 2.Nf3 d6 3.d4 cxd4 4.Nxd4 Nf6 5.Nc3 a6 6.Be3 e5 7.Nb3 Be6 8.f3 Nbd7
9.Qd2 Rc8 10.g4 Nb6 11.Qf2 Nc4 12.Bxc4 Bxc4 13.Bb6 Qd7 14.O-O-O Be7 15.Nc5 Qc6
16.Nd3 Nd7 17.Be3 a5 18.Kb1 b5 19.f4 f6 20.Nd5 Bxd5 21.exd5 Qc4 22.fxe5 fxe5
23.g5 Qe4 24.Rhe1 Rf8 25.Qd2 Qxd5 26.Qxa5 Ra8 27.Nc1 Qc6 28.Qd2 Nc5 29.Bxc5 Qxc5
30.Qg2 Rc8 31.Re2 Qc6 32.Qh3 Rh8 33.g6 h6 34.Qe6 Rf8 35.Rxd6 Qxd6 36.Qxc8+ Bd8
37.Qc3 Rf5 38.Qb3 Bg5 39.Qg8+ Kd7 40.Re1 Qd2 41.Nd3 e4 42.Qxg7+ Kc6 43.a3 e3
44.Qd4 Rf2 45.g7 Qxc2+ 46.Ka2 Bf6 47.Nb4+ Kc7 48.Nxc2  1-0

[Event "Chigorin Mem"]
[Site "St Petersburg RUS"]
[Date "2005.10.16"]
[Round "2"]
[White "Anisimov,P"]
[Black "Nikitin,Y2"]
[Result "1-0"]
[WhiteElo "2501"]
[BlackElo "2355"]

1.e4 c5 2.Nf3 d6 3.d4 cxd4 4.Nxd4 Nf6 5.Nc3 a6 6.Be3 e6 7.g4 Nc6 8.g5 Nd7
9.h4 Qc7 10.f4 b5 11.a3 Nb6 12.f5 Nc4 13.Bxc4 bxc4 14.fxe6 fxe6 15.Nxc6 Qxc6
16.Rf1 Rb8 17.Qh5+ g6 18.Qf3 Rb7 19.Bd4 e5 20.Be3 Bg7 21.O-O-O Be6 22.Kb1 Rf7
23.Qe2 O-O 24.Rg1 Rb8 25.Ka1 Rfb7 26.Bc1 Qc5 27.Rg3 Bf7 28.Nd5 Rf8 29.Rc3 Rc7
30.Nxc7 Qxc7 31.Bd2 Rb8 32.Re3 Qc6 33.Bc3 Bf8 34.Rf1 Rb7 35.Ref3 Rd7 36.Rf6 Bg7
37.R6f2 Qc7 38.Rd1 Bf8 39.Qg4 Bg7 40.Rfd2 Qc6 41.Qf3 Be6 42.h5 gxh5 43.Qxh5 Bf7
44.Qg4 Bg6 45.Rf1 Rf7 46.Qe6 Bf8 47.Rdf2 Qc7 48.Ba5  1-0

[Event "Chigorin Mem"]
[Site "St Petersburg RUS"]
[Date "2005.10.16"]
[Round "2"]
[White "Zontakh,A"]
[Black "Purtov,A"]
[Result "1-0"]
[WhiteElo "2543"]
[BlackElo "2404"]

1.e4 c5 2.Nf3 d6 3.d4 cxd4 4.Nxd4 Nf6 5.Nc3 a6 6.Be3 e5 7.Nb3 Be6 8.f3 Be7
9.Qd2 O-O 10.O-O-O Nbd7 11.g4 b5 12.g5 Nh5 13.Nd5 Bxd5 14.exd5 f5 15.gxf6 Bxf6
16.Na5 Nf4 17.c4 bxc4 18.Bxc4 Ng2 19.Qxg2 Qxa5 20.Kb1 Rab8 21.Qd2 Qd8 22.b3 a5
23.a4 Rb4 24.Ka2 Qe7 25.Rc1 Qf7 26.Rhf1 Rfb8 27.Bb5 Nf8 28.Rc6 Be7 29.Ra6 Rh4
30.Rxa5 Qh5 31.Bg1 Bg5 32.Qc2 Bd8 33.Ra6 Qh6 34.Rc6 Ba5 35.Bd3 Bd2 36.Rc8 Rxc8
37.Qxc8 g6 38.Qc2 Be3 39.Bxe3 Qxe3 40.Be4 Rf4 41.Rf2 Rf7 42.Re2 Qd4 43.Qc6 Qb4
44.Rc2 Nd7 45.Rc4 Qd2+ 46.Ka3 Qxh2 47.Qxd6 Qg1 48.Ka2 Qf2+ 49.Rc2 Qd4 50.Qc6 Kg7
51.d6 Nf6 52.Qc5 Ne8 53.Bd5 Ra7 54.Qxd4 exd4 55.Rc6 Rd7 56.Be6 Rxd6 57.Rxd6 Nxd6
58.Bd7  1-0

[Event "Chigorin Mem"]
[Site "St Petersburg RUS"]
[Date "2005.10.18"]
[Round "4"]
[White "Smirnov,I UKR"]
[Black "Sudarkin,G"]
[Result "1-0"]
[WhiteElo "2459"]
[BlackElo "2177"]

1.e4 c5 2.Nf3 d6 3.d4 cxd4 4.Nxd4 Nf6 5.Nc3 a6 6.Be3 e5 7.Nf3 Be7 8.Bc4 O-O
9.O-O Be6 10.Bb3 Bxb3 11.axb3 Nbd7 12.Qe2 Re8 13.Rfd1 Qc7 14.Bg5 Rac8 15.Nh4 g6
16.g3 Bf8 17.Qf3 Bg7 18.Rd2 h6 19.Bxf6 Nxf6 20.Rad1 Rcd8 21.Ng2 Qe7 22.Ne3 Qe6
23.Nc4 Bf8 24.Nd5 Nxd5 25.Rxd5 Qc8 26.Qd3 Be7 27.c3 Qc6 28.f3 h5 29.Kg2 Kf8
30.Nxd6 Bxd6 31.Rxd6 Rxd6 32.Qxd6+ Qxd6 33.Rxd6 Re7 34.Kf2 Rc7 35.Ke3 Ke7
36.Rb6 Rd7 37.f4 exf4+ 38.gxf4 Kd8 39.b4 Kc7 40.Rf6 Kd8 41.h4 Ke7 42.Rb6 Kf8
43.e5 Ke8 44.Ke4 Kf8 45.f5 gxf5+ 46.Kxf5 Kg7 47.e6 fxe6+ 48.Kxe6 Rc7 49.Kd5 Rf7
50.Kc4 Rc7+ 51.Kb3 Kh7 52.c4 Kg7 53.c5 Kh7 54.Kc4 Kg7 55.b5 axb5+ 56.Kxb5 Kh7
57.b4 Kg7 58.Rd6 Rf7 59.Kb6  1-0

[Event "SCG First League m"]
[Site "Vrnjacka Banja SCG"]
[Date "2005.10.18"]
[Round "2"]
[White "Ivanovic,B"]
[Black "Georgiev,Ki"]
[Result "1/2-1/2"]
[WhiteElo "2436"]
[BlackElo "2648"]

1.e4 c5 2.Nf3 d6 3.d4 cxd4 4.Nxd4 Nf6 5.Nc3 a6 6.Be3 Ng4 7.Bg5 Nc6 8.h3 Qa5
9.Bh4 Nf6 10.Nb3 Qd8 11.f4 e6 12.Qf3 Be7 13.O-O-O Qc7 14.Kb1 O-O 15.Bd3 Rb8
16.Rhe1 b5 17.g4 Bb7 18.g5 Nd7 19.f5 Nde5 20.Qf2 Rfe8 21.f6 Bf8 22.Ne2 g6
23.Bg3 Nb4 24.Ned4 Nexd3 25.cxd3 e5 26.Nc2 d5 27.exd5 Bxd5 28.Nxb4 Bxb4 29.Re2 Rbd8
30.h4 a5 31.Rc1 Qd6 32.Nc5 Ba8 33.Qe3 h5 34.a3 Bxc5 35.Rxc5 b4 36.Rxe5 Rxe5
37.Bxe5 Qd5 38.axb4 axb4 39.Bc7 Rc8 40.Rc2 Bc6 41.Rc5 Qd7 42.Be5 b3 43.Bc3 Ra8
44.Re5 Qg4 45.Qe1 Qf3 46.Re3 Qf4 47.Qg3 Qf5 48.Re5 Qd7 49.Kc1 Rd8 50.Kd2 Bb5
51.Re3 Qf5 52.Qf3 Qd7 53.Qg3 Qc6 54.Qf3 Qc4 55.Qg3 Kh7 56.Ke2 Qc5 57.Kd2 Qc4  1/2-1/2

[Event "Chigorin Mem"]
[Site "St Petersburg RUS"]
[Date "2005.10.19"]
[Round "5"]
[White "Kim,Alex"]
[Black "Vorobiov,E"]
[Result "1/2-1/2"]
[WhiteElo "2437"]
[BlackElo "2549"]

1.e4 c5 2.Nf3 d6 3.d4 cxd4 4.Nxd4 Nf6 5.Nc3 a6 6.Be3 e5 7.Nb3 Be6 8.Be2 Be7
9.O-O O-O 10.f4 exf4 11.Rxf4 Nc6 12.Nd5 Bxd5 13.exd5 Ne5 14.Qd2 Rc8 15.Raf1 Nfd7
16.R4f2 Nf6 17.Rf4 Nfd7 18.R4f2 Nf6 19.Rf4  1/2-1/2

[Event "zt 3.3"]
[Site "Beijing CHN"]
[Date "2005.10.21"]
[Round "2"]
[White "Wang Hao"]
[Black "Wei Chenpeng"]
[Result "1-0"]
[WhiteElo "2519"]
[BlackElo "2390"]

1.e4 c5 2.Nf3 d6 3.d4 cxd4 4.Nxd4 Nf6 5.Nc3 a6 6.Be3 e6 7.f3 b5 8.g4 Nfd7
9.Qd2 Nb6 10.O-O-O N8d7 11.Bg5 Qc7 12.Ndxb5 axb5 13.Nxb5 Qb8 14.Nxd6+ Bxd6
15.Qxd6 Qxd6 16.Rxd6 Rxa2 17.Kb1 Ra8 18.Bb5 O-O 19.c4 Ba6 20.Bxa6 Rxa6 21.Rhd1 h5
22.c5 Nxc5 23.Be7 hxg4 24.Rd8 Rxd8 25.Rxd8+ Kh7 26.Bxc5 Na4 27.Bf2 gxf3 28.Rd3 Ra5
29.Rxf3 Rb5 30.b3 Nc5 31.Bxc5 Rxc5 32.Rxf7 Rc3 33.Kb2 Re3 34.Rf2 Rxe4 35.Kc3 g5
36.b4 Kg6 37.b5 Ra4 38.b6 Ra6 39.Rb2 Ra8 40.Kd4 Kf5 41.b7 Rb8 42.Ke3 Ke5
43.Kf3 Kd4 44.h3 e5 45.Rb1 Rf8+ 46.Kg4 Rb8 47.Kxg5 Ke4 48.Kf6 Kd5 49.Kf5 e4
50.Kf4 Kd4 51.Rd1+ Kc5 52.Rd7 Kc6 53.Rf7 Kd5 54.h4 Ke6 55.Rg7 Kd5 56.Ke3 Rf8
57.Rd7+ Kc6 58.Rf7 Re8 59.h5  1-0

[Event "SCG First League m"]
[Site "Vrnjacka Banja SCG"]
[Date "2005.10.21"]
[Round "5"]
[White "Kalezic,B"]
[Black "Popovic,Pe"]
[Result "1/2-1/2"]
[WhiteElo "2445"]
[BlackElo "2509"]

1.e4 c5 2.Nf3 d6 3.d4 cxd4 4.Nxd4 Nf6 5.Nc3 a6 6.Be3 e5 7.Nb3 Be6 8.f3 Be7
9.Qd2 O-O 10.O-O-O a5 11.Kb1 a4 12.Nc1 Ra5 13.Qf2 Nbd7 14.g4  1/2-1/2

[Event "II Open"]
[Site "Calvia ESP"]
[Date "2005.10.22"]
[Round "2"]
[White "Conquest,S"]
[Black "Pena Gomez,M"]
[Result "1-0"]
[WhiteElo "2514"]
[BlackElo "2315"]

1.e4 c5 2.Nf3 d6 3.d4 cxd4 4.Nxd4 Nf6 5.Nc3 a6 6.Be3 e5 7.Nf3 Be7 8.Bc4 O-O
9.O-O Be6 10.Qe2 b5 11.Bb3 Qc8 12.Rfd1 b4 13.Nd5 Nxd5 14.Bxd5 Bxd5 15.Rxd5 Nd7
16.Bg5 f6 17.Be3 f5 18.exf5 Nf6 19.Rd2 Ne4 20.Rdd1 Qxf5 21.a3 bxa3 22.Rxa3 Qg6
23.Rda1 d5 24.Rxa6 Rxa6 25.Rxa6 Qh5 26.c4 Nf6 27.cxd5 e4 28.Nd4 Qxd5 29.g3 Rb8
30.Nc6 Rb5 31.Bd4 Ne8 32.Qg4 Bf8 33.Qc8 Nd6 34.Qd8 Qb3 35.Ra1 Qc4 36.Ra8  1-0

[Event "TCh-BEL 2005-6"]
[Site "Belgium BEL"]
[Date "2005.10.23"]
[Round "2"]
[White "Penson,T"]
[Black "Steen,P"]
[Result "1-0"]
[WhiteElo "2250"]
[BlackElo "2160"]

1.e4 c5 2.Ne2 d6 3.Nbc3 Nf6 4.d4 cxd4 5.Nxd4 a6 6.Be3 e5 7.Nf3 Be7 8.h3 Be6
9.Be2 h6 10.O-O Nbd7 11.Nh4 Qc7 12.Nf5 Bxf5 13.exf5 O-O 14.a4 Nb6 15.Qd3 Rac8
16.f4 Nc4 17.Qxc4 Qxc4 18.Bxc4 Rxc4 19.Rad1 Rfc8 20.Rd3 Rb4 21.Bc1 Rbc4 22.g4 e4
23.Rdd1 Rxc3 24.bxc3 Rxc3 25.Bb2 Rxc2 26.Rf2 Rc4 27.Rd4 d5 28.Kg2 e3 29.Re2 b5
30.axb5 axb5 31.Rxc4 dxc4 32.Rxe3 Nd5 33.Re5 Nxf4+ 34.Kf3 Nd3 35.Rxb5 Nxb2
36.Rxb2 Bf6 37.Rb8+ Kh7 38.Rc8 c3 39.Rc7 Kg8 40.Ke4 Kf8 41.Kd5 Ke8 42.Kd6 Kd8
43.Rxf7 Be5+ 44.Kxe5 c2 45.Kd6  1-0

[Event "TCh-BEL 2005-6"]
[Site "Belgium BEL"]
[Date "2005.10.23"]
[Round "2"]
[White "Penson,T"]
[Black "Steen,P"]
[Result "1-0"]
[WhiteElo "2250"]
[BlackElo "2160"]

1.e4 c5 2.Ne2 d6 3.Nbc3 Nf6 4.d4 cxd4 5.Nxd4 a6 6.Be3 e5 7.Nf3 Be7 8.h3 Be6
9.Be2 h6 10.O-O Nbd7 11.Nh4 Qc7 12.Nf5 Bxf5 13.exf5 O-O 14.a4 Nb6 15.Qd3 Rac8
16.f4 Nc4 17.Qxc4 Qxc4 18.Bxc4 Rxc4 19.Rad1 Rfc8 20.Rd3 Rb4 21.Bc1 Rbc4 22.g4 e4
23.Rdd1 Rxc3 24.bxc3 Rxc3 25.Bb2 Rxc2 26.Rf2 Rc4 27.Rd4 d5 28.Kg2 e3 29.Re2 b5
30.axb5 axb5 31.Rxc4 dxc4 32.Rxe3 Nd5 33.Re5 Nxf4+ 34.Kf3 Nd3 35.Rxb5 Nxb2
36.Rxb2 Bf6 37.Rb8+ Kh7 38.Rb7 Kg8 39.Ke4 Kf8 40.Kd5 Ke8 41.Kd6 c3 42.Kd5 Kd8
43.Rxf7 Be5 44.Kxe5 c2 45.Kd6  1-0

[Event "Chigorin Mem"]
[Site "St Petersburg RUS"]
[Date "2005.10.23"]
[Round "9"]
[White "Shimanov,A"]
[Black "Smirnov,Arte"]
[Result "0-1"]
[WhiteElo "2279"]
[BlackElo "2375"]

1.e4 c5 2.Nf3 d6 3.Nc3 a6 4.d4 cxd4 5.Nxd4 Nf6 6.Be3 e5 7.Nb3 Be7 8.f3 O-O
9.Qd2 Be6 10.O-O-O Nbd7 11.g4 Nb6 12.g5 Nh5 13.Rg1 Rc8 14.h4 Qc7 15.Kb1 Nc4
16.Bxc4 Qxc4 17.f4 exf4 18.Bxf4 d5 19.exd5 Nxf4 20.dxe6 fxe6 21.Qe3 Qc7 22.Qe4 b5
23.Nd4 Qc4 24.Rge1 Rcd8 25.Nc6 Qxe4 26.Nxe4 Rxd1+ 27.Rxd1 Nd5 28.h5 Re8 29.g6 Bf6
30.Nd6 Ra8 31.Rf1 b4 32.a4 bxa3 33.bxa3 Nc3+ 34.Kc1 Ne2+ 35.Kd2 Ng3 36.Rg1 Nxh5
37.Rh1 hxg6 38.c4 a5 39.c5 a4 40.Rb1 Nf4 41.Nb8 Nd5 42.Nd7 Be7 43.Ne5 Rd8
44.Rb7 Bg5+ 45.Kd3 Bf4 46.Ke4 g5 47.Nc6 Rd7 48.Rb8+ Kh7 49.Ne5 Nc3+ 50.Kd4 Ne2+
51.Ke4 Ng3+ 52.Kd4 Nf5+ 53.Ke4 Nxd6+ 54.cxd6 Rxd6 55.Nd3 Rxd3  0-1

[Event "5th Rohde Open"]
[Site "Sautron FRA"]
[Date "2005.10.24"]
[Round "3"]
[White "Pingue,R"]
[Black "Prasad,D"]
[Result "0-1"]
[WhiteElo "1916"]
[BlackElo "2401"]

1.e4 c5 2.Nf3 d6 3.d4 cxd4 4.Nxd4 Nf6 5.Nc3 a6 6.Be3 e6 7.g4 h6 8.Qf3 Nbd7
9.Qh3 Nc5 10.f3 e5 11.Nf5 g6 12.Ng3 Ne6 13.Qg2 b5 14.Nd5 Nxd5 15.exd5 Nf4
16.Qd2 Bg7 17.a4 Bb7 18.axb5 Nxd5 19.bxa6 O-O 20.Ra3 Nxe3 21.Qxe3 Bc6 22.b4 d5
23.b5 d4 24.Qb3 Bd5 25.Bc4 Bxc4 26.Qxc4 Qb6 27.Kd2 Rfc8 28.Qd3 Rc3 29.Qe4 Ra7
30.Raa1 Qxb5 31.Rhb1 Qc4 32.Rb6 Rc7 33.Rb2 Re3 34.Qa8+ Kh7 35.Kd1 Qc5  0-1

[Event "Open A"]
[Site "Liberec CZE"]
[Date "2005.10.25"]
[Round "4"]
[White "Cvicela,A"]
[Black "Trichkov,V"]
[Result "0-1"]
[WhiteElo "2177"]
[BlackElo "2333"]

1.e4 c5 2.Nf3 d6 3.d4 Nf6 4.Nc3 cxd4 5.Nxd4 a6 6.Be3 e5 7.Nb3 Be6 8.f3 Nbd7
9.g4 Nb6 10.g5 Nh5 11.Qd2 Rc8 12.O-O-O Be7 13.Rg1 O-O 14.Kb1 Re8 15.h4 Bf8
16.Nc1 Rc6 17.Be2 Qc7 18.Nd5 Bxd5 19.exd5 Nc4 20.Qc3 Nxe3 21.Qxe3 Rxc2 22.Qe4 Rc5
23.Nd3 Rc4 24.Qe3 Rxh4 25.Rg4 Rh2 26.f4 e4 27.Nc1 f5 28.gxf6 Nxf6 29.Rg3 Qc5
30.Nb3 Qxe3 31.Rxe3 Kh8  0-1

[Event "SCG First League m"]
[Site "Vrnjacka Banja SCG"]
[Date "2005.10.25"]
[Round "9"]
[White "Kalezic,B"]
[Black "Aleksic,Nen1"]
[Result "1/2-1/2"]
[WhiteElo "2445"]
[BlackElo "2381"]

1.e4 c5 2.Nf3 d6 3.d4 cxd4 4.Nxd4 Nf6 5.Nc3 a6 6.Be3 e6 7.Be2 Nbd7 8.g4 h6
9.a3 Qc7 10.h4 b5 11.Rg1 Bb7 12.f3  1/2-1/2

[Event "TCh-HUN 2005-6"]
[Site "Hungary HUN"]
[Date "2005.10.30"]
[Round "2"]
[White "Valko,K"]
[Black "Hever,M"]
[Result "0-1"]
[WhiteElo "2251"]
[BlackElo "2279"]

1.e4 c5 2.Nf3 d6 3.d4 cxd4 4.Nxd4 Nf6 5.Nc3 a6 6.Be3 b5 7.Bd3 Bb7 8.a3 Nbd7
9.f4 e6 10.Qf3 Nc5 11.O-O Be7 12.Kh1 O-O 13.Rae1 Qa5 14.Nb3 Nxb3 15.cxb3 Rac8
16.Qh3 Rxc3 17.b4 Qc7 18.bxc3 Nxe4 19.Bd4 d5 20.Bxe4 dxe4 21.Be5 Qc4 22.Rd1 Bd5
23.Qg3 f6 24.Bd4 Bd6 25.Qe3 g6 26.Rfe1 Kg7 27.Ra1 Rc8 28.a4 e5 29.fxe5 fxe5
30.Bc5 Bxc5 31.bxc5 bxa4 32.Qg3 Re8 33.Red1 Bc6 34.Qe3 Rf8 35.h3 Rf4 36.Rd6 Bb5
37.Kh2 Rf7 38.Kg1 Rc7 39.Re1 a3 40.Ra1 a2 41.Kh2 Qxc5 42.Qxc5 Rxc5 43.Rxa2 e3
44.Kg3 Rxc3 45.Re6 Bc4 46.Rc6 e2+ 47.Kf2 Re3 48.Ra1 Re4 49.Rc7+ Kf6 50.Rxc4 e1=Q+
51.Rxe1 Rxc4  0-1

[Event "5th Rohde Open"]
[Site "Sautron FRA"]
[Date "2005.10.30"]
[Round "9"]
[White "Lagarde,M"]
[Black "Lebreton,F"]
[Result "1/2-1/2"]
[WhiteElo "2175"]
[BlackElo "1933"]

1.e4 c5 2.Nf3 d6 3.d4 cxd4 4.Nxd4 Nf6 5.Nc3 a6 6.Be3 Ng4 7.Bg5 h6 8.Bh4 g5
9.Bg3 Bg7 10.Qd2 Nc6 11.Nb3 Nge5 12.f3 Be6 13.Bf2 Nc4 14.Bxc4 Bxc4 15.Nd4 Qa5
16.Nf5 Bxc3 17.bxc3 O-O-O 18.Ne3 d5 19.Bg3 Qc5 20.Nxc4 Qxc4 21.Qd3 Qxd3 22.cxd3 dxe4
23.dxe4 Rd3 24.Rc1 Rhd8 25.Rf1 Na5 26.c4 R8d4 27.c5 Rc4 28.Rxc4 Nxc4 29.Rf2 Rc3
30.Re2 Kd7 31.f4 Kc6 32.f5 Kxc5 33.e5 Re3 34.Bf2 Kd4 35.Bxe3+ Nxe3 36.e6 f6
37.Rd2+ Kc5 38.Rd7 Nxf5 39.Rxb7  1/2-1/2

[Event "8th IM ZNG111"]
[Site "Kostrena CRO"]
[Date "2005.11.04"]
[Round "11"]
[White "Saric,Iv"]
[Black "Babic,Dras"]
[Result "1/2-1/2"]
[WhiteElo "2339"]
[BlackElo "2316"]

1.e4 c5 2.Nf3 d6 3.d4 cxd4 4.Nxd4 Nf6 5.Nc3 a6 6.Be3 e6 7.f3 Qc7 8.g4 b5
9.Qd2 Bb7 10.O-O-O Nc6 11.Nxc6 Qxc6 12.Kb1 Be7 13.h4 O-O-O 14.Qf2 Kb8 15.Ne2 Rc8
16.Nd4 Qc7 17.Bg2 d5 18.g5 Nd7 19.exd5 Bxd5 20.f4 Bxg2 21.Qxg2 Nb6 22.f5 e5
23.Nf3 Nc4 24.Bc1 f6 25.Rhe1 Bc5 26.Qe2 Nd6  1/2-1/2

[Event "TCh-NED 2005-6"]
[Site "Netherlands NED"]
[Date "2005.11.05"]
[Round "3"]
[White "Brandenburg,D"]
[Black "Burg,T"]
[Result "1-0"]
[WhiteElo "2395"]
[BlackElo "2232"]

1.e4 c5 2.Nf3 d6 3.d4 cxd4 4.Nxd4 Nf6 5.Nc3 a6 6.Be3 e5 7.Nb3 Be6 8.f3 Be7
9.Qd2 O-O 10.O-O-O a5 11.Bb5 Nc6 12.Qf2 Qb8 13.Kb1 Rc8 14.Na4 Nd7 15.g4 Bd8
16.a3 b6 17.Nd2 Qb7 18.Qe2 Nc5 19.Nc4 Bxc4 20.Qxc4 Ne6 21.Rxd6 Ncd4 22.Qd3 Bc7
23.Rd5 Nxf3 24.c3 h6 25.h4 Bd8 26.Rf1 Nxh4 27.Rd7 Rc7 28.Rfxf7 Bg5 29.Bxb6 Rxd7
30.Rxd7 Qc8 31.Qd5 Qe8 32.Ra7 Qg6 33.Rxa8+ Kh7 34.Bc4 Qf6  1-0

[Event "ch-CRO"]
[Site "Vukovar CRO"]
[Date "2005.11.10"]
[Round "4"]
[White "Palac,M"]
[Black "Hulak,K"]
[Result "1/2-1/2"]
[WhiteElo "2571"]
[BlackElo "2507"]

1.e4 c5 2.Nf3 d6 3.d4 cxd4 4.Nxd4 Nf6 5.Nc3 a6 6.Be3 e6 7.Be2 Be7 8.a4 Nc6
9.O-O O-O 10.f4 Qc7 11.Kh1 Re8 12.Bg1 Bd7 13.Nb3 Nb4 14.Bf3 e5 15.f5 d5  1/2-1/2

[Event "TCh-BEL 2005-6"]
[Site "Belgium BEL"]
[Date "2005.11.20"]
[Round "4"]
[White "Nezar,M"]
[Black "Brunner,N"]
[Result "1-0"]
[WhiteElo "2394"]
[BlackElo "2392"]

1.e4 c5 2.Nf3 d6 3.d4 cxd4 4.Nxd4 Nf6 5.Nc3 a6 6.Be3 e6 7.f3 Nbd7 8.g4 h6
9.Qe2 b5 10.O-O-O Bb7 11.Qg2 b4 12.Nce2 d5 13.Ng3 Qc7 14.Kb1 Bd6 15.Nh5 Kf8
16.Nxf6 Nxf6 17.Bd3 Rd8 18.h4 Bf4 19.Bf2 Be5 20.g5 Nh5 21.Qg1 dxe4 22.Bxe4 Bxe4
23.fxe4 Nf4 24.Qe1 a5 25.Nf3 Rxd1+ 26.Qxd1 Bd6 27.Bg3 hxg5 28.Nxg5 e5 29.Bxf4 exf4
30.Qd5 Rh6 31.Qa8+ Ke7 32.Qg8 Qc4 33.b3 Qd4 34.Qxf7+ Kd8 35.Ne6+ Rxe6 36.Qxe6 f3
37.Rf1 f2 38.Qg8+ Kd7 39.Qf7+ Kc8 40.Qxf2 Qc3 41.Qf5+ Kb7 42.Qb5+  1-0

[Event "18th Belgrade Trophy"]
[Site "Obrenovac SCG"]
[Date "2005.11.23"]
[Round "2"]
[White "Bergsson,Sn"]
[Black "Popovic,Du"]
[Result "0-1"]
[WhiteElo "2266"]
[BlackElo "2480"]

1.e4 c5 2.Nf3 d6 3.d4 cxd4 4.Nxd4 Nf6 5.Nc3 a6 6.Be3 e5 7.Nb3 Be6 8.f4 exf4
9.Bxf4 Nc6 10.Bd3 Be7 11.O-O O-O 12.Nd5 Bxd5 13.exd5 Ne5 14.Be2 Nfd7 15.Be3 Re8
16.Bd4 Bg5 17.Nd2 Bh6 18.Ne4 Qe7 19.Nc3 g6 20.Kh1 f5 21.a4 Nf6 22.Qe1 Bg7
23.Qg3 Kh8 24.Rad1 Qf7 25.Bg1 Re7 26.Bf3 Rc8 27.Bd4 Nc4 28.Rde1 Rce8 29.Rxe7 Qxe7
30.b3 Nd2 31.Rd1 Nxf3 32.Qxf3 Ng4 33.h3 Bxd4  0-1

[Event "TCh-NED 2005-6"]
[Site "Netherlands NED"]
[Date "2005.11.26"]
[Round "4"]
[White "Van Haastert,E"]
[Black "Spoelman,W"]
[Result "1/2-1/2"]
[WhiteElo "2398"]
[BlackElo "2362"]

1.e4 c5 2.Nf3 d6 3.d4 cxd4 4.Nxd4 Nf6 5.Nc3 a6 6.Be3 e5 7.Nb3 Be6 8.f3 Nbd7
9.g4 Nb6 10.g5 Nh5 11.Qd2 Be7 12.O-O-O O-O 13.Rg1 g6 14.Kb1 Rc8 15.Qf2 Nc4
16.Bxc4 Bxc4 17.Na4 Be6 18.Nb6 Rc7 19.Na5 f6 20.gxf6 Rxf6 21.Qd2 Rxf3 22.Nd5 Rd7
23.Nb6 Rc7 24.Nd5 Rd7 25.Nb6  1/2-1/2

[Event "18th Belgrade Trophy"]
[Site "Obrenovac SCG"]
[Date "2005.11.27"]
[Round "6"]
[White "Spasojevic,M"]
[Black "Marinkov,S"]
[Result "1-0"]
[WhiteElo "2204"]
[BlackElo "2046"]

1.e4 c5 2.Nf3 d6 3.d4 cxd4 4.Nxd4 Nf6 5.Nc3 a6 6.Be3 e6 7.Qd2 Qc7 8.f3 Nc6
9.O-O-O Be7 10.g4 Ne5 11.g5 Nfd7 12.f4 Nc4 13.Bxc4 Qxc4 14.Kb1 Nf8 15.Nb3 Bd7
16.Bd4 Rg8 17.Bb6 Rc8 18.a3 a5 19.Bxa5 Bc6 20.Rhe1 Nd7 21.Bb4 Nc5 22.Na5 Qa6
23.h4 Bd7 24.f5 Rc7 25.Qf4 Kd8 26.Qf3 Be8 27.Qg4 Kc8 28.fxe6 fxe6 29.e5 Bd7
30.Nb3 Nxb3 31.exd6 Rc4 32.Qf3 Rxb4 33.dxe7 Re8 34.cxb3 Rxb3 35.Rxd7 Rxb2+
36.Kxb2 Kxd7 37.Qe2 Qxe2+ 38.Rxe2 Rxe7 39.Rf2 Kc6 40.Kb3 e5 41.Kc4 Rd7 42.Nb5 Rd5
43.a4 Rc5+ 44.Kd3 Kd5 45.Nc3+ Ke6 46.Rb2 Rc7 47.Ne4 Kf5 48.Rxb7 Rc1 49.Rxg7 Rd1+
50.Ke2 Rd4 51.Ng3+ Kg4 52.Rxh7 Kxg3 53.g6 Rxa4 54.g7 Rg4 55.Ke3 e4 56.h5 Kh4
57.h6 Kh5 58.Rh8 Rg3+ 59.Kxe4 Rg4+ 60.Kf3  1-0

[Event "National Chess Congress"]
[Site "Philadelphia USA"]
[Date "2005.11.27"]
[Round "5"]
[White "Shapiro,D"]
[Black "Mirabile,T"]
[Result "1-0"]
[WhiteElo "2251"]
[BlackElo "2202"]

1.e4 c5 2.Nf3 d6 3.d4 cxd4 4.Nxd4 Nf6 5.Nc3 a6 6.Be3 e6 7.g4 e5 8.Nf5 g6
9.g5 gxf5 10.exf5 d5 11.Qf3 d4 12.O-O-O Nbd7 13.Bd2 dxc3 14.Bxc3 Qc7 15.gxf6 Nxf6
16.Bd3 Bh6+ 17.Kb1 Bf4 18.Rde1 Qe7 19.Qxf4  1-0

[Event "National Chess Congress"]
[Site "Philadelphia USA"]
[Date "2005.11.27"]
[Round "5"]
[White "Samuelson,A"]
[Black "Agaian,S"]
[Result "1-0"]
[WhiteElo "2191"]
[BlackElo "2180"]

1.e4 c5 2.Nf3 d6 3.d4 cxd4 4.Nxd4 Nf6 5.Nc3 a6 6.Be3 e5 7.Nb3 Be7 8.f3 Be6
9.Qd2 O-O 10.O-O-O b5 11.g4 b4 12.Na4 Nbd7 13.h4 Qc8 14.Qxb4 a5 15.Qc3 Qxc3
16.Nxc3 a4 17.Nd2 Rfc8 18.g5 Nh5 19.Nd5 Bxd5 20.exd5 a3 21.b3 Rc3 22.Nc4 Nf4
23.Bxf4 exf4 24.Bd3 Ne5 25.Kd2 Rxc4 26.Bxc4 Nxf3+ 27.Kd3 Ne5+ 28.Ke4 f3 29.Bb5 Bd8
30.c4 Bb6 31.b4 f6 32.gxf6 gxf6 33.Rc1 Rc8 34.Rc3 f5+ 35.Kf4 Bd4 36.Rxa3 f2
37.Rg3+ Kf7 38.Kxf5 Nxc4 39.Ke4 Bb6 40.Bd7 Rc7 41.Be6+ Kf6 42.Kd3 Ke5 43.Rg5+ Kf6
44.Rf5+ Kg7 45.Rf1 Ne5+ 46.Kd2 Ra7 47.Rc1 Rxa2+ 48.Kc3 Ra3+ 49.Kb2 Re3 50.Rc8 Bd4+
51.Ka2 Nf3 52.Rg8+ Kh6 53.Bf7 Re2+ 54.Ka3 Re5 55.Rf6+  1-0

[Event "18th Belgrade Trophy"]
[Site "Obrenovac SCG"]
[Date "2005.11.28"]
[Round "7"]
[White "Damjanovic,L"]
[Black "Ilic,Z3"]
[Result "0-1"]
[WhiteElo "2107"]
[BlackElo "2290"]

1.e4 c5 2.Nf3 d6 3.d4 cxd4 4.Nxd4 Nf6 5.Nc3 a6 6.Be3 e5 7.Nb3 Be6 8.Qd2 Be7
9.f3 O-O 10.O-O-O Qc7 11.g4 Rc8 12.Kb1 d5 13.g5 d4 14.gxf6 dxe3 15.Qxe3 Bxf6
16.h4 b5 17.Qf2 Nd7 18.Bh3 Nb6 19.Bxe6 fxe6 20.Rd3 b4 21.Nd1 a5 22.Ne3 a4
23.Nc1 Be7 24.Ng4 h5 25.Ne3 Bc5 26.Qg2 Bd4 27.Rhd1 Qc5 28.Qe2 Ra7 29.c3 bxc3
30.bxc3 Bxc3 31.Rd8+ Rxd8 32.Rxd8+ Kf7 33.Nd3 Qb5+ 34.Kc1 Rc7 35.Nc2 Nc4
36.f4 Ke7 37.Rg8 Kf7 38.Rd8 exf4 39.e5 Bd2+  0-1

[Event "18th Belgrade Trophy"]
[Site "Obrenovac SCG"]
[Date "2005.11.28"]
[Round "7"]
[White "Bergsson,Sn"]
[Black "Lajthajm,B"]
[Result "1/2-1/2"]
[WhiteElo "2266"]
[BlackElo "2464"]

1.e4 c5 2.Nf3 d6 3.d4 cxd4 4.Nxd4 Nf6 5.Nc3 a6 6.Be3 b5 7.a4 b4 8.Nd5 e6
9.Nxf6+ Qxf6 10.Bd3 Bb7 11.O-O Nc6 12.Qd2 Be7 13.Nxc6 Bxc6 14.Qxb4 O-O 15.b3 d5
16.Qb6 dxe4 17.Bxa6 Bd5 18.Bb5 Qc3 19.Rac1 Ba3 20.Qd4 Qxd4 21.Bxd4 Bxc1 22.Rxc1 f6
23.c4 Rfc8 24.Bb6 Bc6 25.Bxc6 Rxc6 26.a5 Rd6 27.Kf1 Kf7 28.b4 Ke8 29.c5 Rd5
30.c6 Rb5 31.Rc4 f5 32.Rd4 e5 33.Rd6 Ke7 34.Rd7+ Ke6 35.Rxg7 Rxb4 36.Rxh7 f4
37.Rh6+ Kd5 38.c7 f3 39.gxf3 exf3 40.Ke1 Rb2 41.Rg6 Rh8 42.Kd1 Rxh2 43.Kc1 Ra2
44.Rg1  1/2-1/2

[Event "ch-Marshall CC"]
[Site "New York USA"]
[Date "2005.12.11"]
[Round "4"]
[White "Thaler,Mi"]
[Black "Arnold,M"]
[Result "1-0"]
[WhiteElo "2120"]
[BlackElo "2124"]

1.e4 c5 2.Nf3 d6 3.d4 cxd4 4.Nxd4 Nf6 5.Nc3 a6 6.Be3 e6 7.f3 b5 8.g4 Nfd7
9.Qd2 Nb6 10.O-O-O N8d7 11.Ndxb5 axb5 12.Nxb5 Ne5 13.Qc3 Na4 14.Qc7 Qf6 15.f4 Nd7
16.e5 Qd8 17.Qc6 Qa5 18.Bd2 Nc3 19.Bxc3  1-0